नक्शा चाहिएः (Record no. 34662)

MARC details
000 -LEADER
fixed length control field 01243nam a22002537a 4500
005 - DATE AND TIME OF LATEST TRANSACTION
control field 20100315102214.0
008 - FIXED-LENGTH DATA ELEMENTS--GENERAL INFORMATION
fixed length control field 100315t xxu||||| |||| 00| 0 hin d
010 ## - LCCN (DPL NO)
LC control number HIN-89130
020 ## - INTERNATIONAL STANDARD BOOK NUMBER
International Standard Book Number 9788190615945
Terms of availability 100.00
035 ## - SYSTEM CONTROL NUMBER
System control number HN-61476
037 ## - SOURCE OF ACQUISITION
Source of stock number/acquisition DBAD / PUB
040 ## - CATALOGING SOURCE
Original cataloging agency DPL
Language of cataloging HN
082 ## - DEWEY DECIMAL CLASSIFICATION NUMBER
Classification number 88.4
100 ## - MAIN ENTRY--PERSONAL NAME
Personal name नंद, चौधरी सत्यव्रत
9 (RLIN) 17313
245 ## - TITLE STATEMENT
Title नक्शा चाहिएः
Statement of responsibility, etc चौधरी सत्यव्रत नंद; विजय कुमार महांति द्वारा अनुदित
Remainder of title (लेख) /
246 ## - VARYING FORM OF TITLE
Title proper/short title Naksha Chahiye
Remainder of title by Chaudhury Satyavarat Nand
260 ## - PUBLICATION, DISTRIBUTION, ETC. (IMPRINT)
Place of publication, distribution, etc नई दिल्ली
Name of publisher, distributor, etc युक्ति प्रकाशन
Date of publication, distribution, etc 2009
270 ## - ADDRESS
Address 10728, मानकपुरा, करोल बाग
City नई दिल्ली
Postal code 110005
300 ## - PHYSICAL DESCRIPTION
Extent 112पृ
Dimensions 22सेमी (सजिल्द)
650 ## - SUBJECT ADDED ENTRY--TOPICAL TERM
Topical term or geographic name as entry element हिन्दी निबंध
9 (RLIN) 17314
700 ## - ADDED ENTRY--PERSONAL NAME
Personal name महांति, विजय कुमार
9 (RLIN) 17315
942 ## - ADDED ENTRY ELEMENTS (KOHA)
Source of classification or shelving scheme Dewey Decimal Classification
Item type Hindi Books
Call number suffix नंदचौ
Holdings
Withdrawn status Lost status Source of classification or shelving scheme Damaged status Not for loan Collection code Home library Current library Date acquired Source of acquisition Cost, normal purchase price Total Checkouts Full call number Barcode Date last seen Copy number Cost, replacement price Koha item type
    Dewey Decimal Classification   Not For Loan Non-fiction D.B.Act.Division D.B.Act.Division 15/03/2010 DBAD / PUB 100.00   नंदचौ HN-61476 15/03/2010 1 100.00 Hindi Books

© Delhi Public Library
Hit Counter
free hit counter